• 首页
  • 本馆介绍
  • 公告通知
  • 最新文献
  • 馆藏检索
  • 电子资源
  • 读者导购
  • 参考咨询
  • 我的图书馆
  • 登录
  • 详细信息显示
  • 放入我的书架
  • 预约/预借图书
  • 作者相关作品
  • 分类相关作品
  • 丛书相关作品
  • 出版社相关作品

书目信息

  • 表格格式
  • 工作单格式
  • 卡片格式
题名:
合同法理论与实务
    
 
作者: 刘廷华 主编
分册:  
出版信息: 长春   吉林大学出版社  2022.01
页数: 354页
开本: 26cm
丛书名:
单 册:
中图分类: D923.6
科图分类:
主题词: 合同法--he tong fa--中国
电子资源:
ISBN: 978-7-5692-9988-5
000 01061nam0 2200253 450
001 CAL 012022047549
005 20230217093112.0
010    @a978-7-5692-9988-5@dCNY98.00
100    @a20221108d2022 em y0chiy0120 ea
101 0  @achi
102    @aCN@b220000
105    @ay a 000yy
106    @ar
200 1  @a合同法理论与实务@Ahe tong fa li lun yu shi wu@f刘廷华主编
210    @a长春@c吉林大学出版社@d2022.01
215    @a354页@d26cm
320    @a有书目
330    @a本书以“准确、简明、实用”为宗旨, 总结多年教学科研和律师业务实践, 结合《民法典》相关规定, 融合学术理论和司法判例, 全面准确地阐述了合同领域法律规定是什么含义、为什么这样规定以及司法实践中如何运用这三个基本问题。全书主要包括导论、合同的订立、合同的效力、合同的履行、合同的保全与担保、合同的变更与终止以及违约责任等章节, 体系完备, 逻辑清晰, 既有深入浅出的理论问题, 又有栩栩如生的典型案例。
606 0  @a合同法@Ahe tong fa@y中国
690    @aD923.6@v5
701  0 @a刘廷华@Aliu ting hua@4主编
801  0 @aCN@bBJXHZP@c20230228
905    @b1386092-5@dD923.6@e2292@f4
906    @aRTYY
    
    合同法理论与实务/刘廷华主编.-长春:吉林大学出版社,2022.01
    354页;26cm
    
    
    ISBN 978-7-5692-9988-5:CNY98.00
    本书以“准确、简明、实用”为宗旨, 总结多年教学科研和律师业务实践, 结合《民法典》相关规定, 融合学术理论和司法判例, 全面准确地阐述了合同领域法律规定是什么含义、为什么这样规定以及司法实践中如何运用这三个基本问题。全书主要包括导论、合同的订立、合同的效力、合同的履行、合同的保全与担保、合同的变更与终止以及违约责任等章节, 体系完备, 逻辑清晰, 既有深入浅出的理论问题, 又有栩栩如生的典型案例。
●
相关链接 在E读中查询图书 在五车中查询图书 在当当中查询图书 在豆瓣中查询图书


正题名:合同法理论与实务     索取号:D923.6/2292         预约/预借

序号 登录号 条形码 馆藏地/架位号 状态 备注
1 1386092   213860927   第一样本阅览室/ [索取号:D923.6/2292] 在馆    
2 1386093   213860936   第一借阅区/ [索取号:D923.6/2292] 在馆    
3 1386094   213860945   第一借阅区/ [索取号:D923.6/2292] 在馆    
4 1386095   213860954   第一借阅区/ [索取号:D923.6/2292] 在馆    
唐山师范学院图书馆 欢迎您!
大连网信软件有限公司© 版权所有